Finančná kontrola v podmienkach samosprávy (II.)
2. časť článku o finančnej kontrole sa zameriava na administratívnu finančnú kontrolu.
Gespeichert in:
| 1. Verfasser: | |
|---|---|
| Format: | Buchkapitel |
| Sprache: | Slowakisch |
| Schlagworte: | |
| Tags: |
Keine Tags, Fügen Sie das erste Tag hinzu!
|
MARC
| LEADER | 00000naa a2200000 4500 | ||
|---|---|---|---|
| 001 | 0297242 | ||
| 005 | 20240417075254.9 | ||
| 041 | 0 | |a slo | |
| 044 | |a SK | ||
| 245 | 1 | 0 | |a Finančná kontrola v podmienkach samosprávy (II.) |c Tatiana Macháčová |
| 520 | |a 2. časť článku o finančnej kontrole sa zameriava na administratívnu finančnú kontrolu. | ||
| 610 | 2 | 0 | |a kontrola finančná |
| 610 | 2 | 0 | |a samospráva |
| 610 | 2 | 0 | |a kontrola |
| 610 | 2 | 0 | |a kontrola administratívna |
| 100 | 1 | |a Macháčová, Tatiana | |